00732 a2200169 45000010006000000050017000060080041000230030015000640400040000790800031001192450033001502640051001833000019002345050278002530410008005311000023005395562520260407155829.0260407a1960 arg spa dAR-UNSa-BCEJYS aAR-UNSa-BCEJYSbspacAR-UNSa-BCEJYS a330xEconomía en general10aDiez lecciones de economía 1aBuenos Aires :bVíctor P. de Zavalíac1960 a131 p.c20 cm. a1. ¿Qué es la economía? - 2. El mercado - 3. La empresa – 4. Capital, trabajo, salario – 5. Moneda y Crédito – 6. Monopolios, crisis, desempleos – 7. Comercios internacionales – 8. Nacionalismo y Socialismo – 9. Dirigismo – 10. Lo que no es economía. aspa1 aBallvé, Faustino